Lecturas clásicas españolas

Guardat en:
Dades bibliogràfiques
Autor principal: Scarpa, Roque Esteban (Autor)
Format: Llibre
Idioma:espanyol
Publicat: Santiago Zig-Zag 1941
Col·lecció:Antologías
Matèries:
Etiquetes: Afegir etiqueta
Sense etiquetes, Sigues el primer a etiquetar aquest registre!

MARC

LEADER 00000nam a2200000 a 4500
001 UCI4836
003 CL-VaPUC
008 080307e19410000CL |||||||||||||||||spa|d
082 0 4 |a 860.9  |b SCA  |2 21 
100 0 |a Scarpa, Roque Esteban  |e author  |9 368404 
245 1 0 |a Lecturas clásicas españolas 
300 |a 751 p 
942 |c BK 
945 |d 20080307 00:00:00  |a rbrito 
260 |a Santiago  |b Zig-Zag  |c 1941 
500 |a Donación padres capuchinos 
650 0 |a Poesías españolas  |9 265100 
650 0 |a Dramas españoles  |9 267081 
650 0 |a Ensayos españoles  |9 313128 
583 |a last modification  |c 20080307 00:00:00  |k Rodrigo Vera 
490 0 |a Antologías 
999 |c 328683  |d 328681 
952 |0 0  |1 0  |4 0  |6 860_900000000000000_SCA_1941  |7 0  |8 X  |9 412754  |a FDOBUD  |b FDOBUD  |d 2019-11-22  |i 4408764  |o 860.9 SCA 1941  |p 4408764  |r 2019-11-22  |w 2019-11-22  |y BK_X  |k BUD